banner koha

Técnica cirúrgica para implantação de cânula em forma de T, de diferentes materiais, no íleo terminal do cão (Registro n. 192470)

MARC details
000 -LÍDER
campo de controle de tamanho fixo 00920nas a2200313 4500
001 - NÚMERO DE CONTROLE
campo de controle BR0707920
003 - IDENTIFICADOR DO NÚMERO DE CONTROLE
campo de controle BR-BrBNA
005 - DATA E HORÁRIO DA ÚLTIMA TRANSAÇÃO
campo de controle 20231205111408.0
007 - CAMPO FIXO DE DESCRIÇÃO FÍSICA--INFORMAÇÃO GERAL
campo de controle de tamanho fixo ta
008 - CAMPO DE DADOS FIXOS--INFORMAÇÃO GERAL
campo de controle de tamanho fixo 230509b bl.|||p| |||| 00| 00por d
040 ## - FONTE DA CATALOGAÇÃO
Instituição da catalogação original BR-BrBNA
Idioma da catalogação por
Instituição que transcreveu o registro Biblioteca Nacional de Agricultura
041 ## - CÓDIGO DE IDIOMA
Código do idioma do texto/trilha sonora ou título diferente (Pt)
072 ## - CÓDIGO DE CATEGORIA DE ASSUNTO
Código de Categoria de Assunto L70
100 1# - ENTRADA PRINCIPAL--NOME PESSOAL
Nome pessoal Borges, A.P.B.
100 1# - ENTRADA PRINCIPAL--NOME PESSOAL
Nome pessoal Armenio, C.
100 1# - ENTRADA PRINCIPAL--NOME PESSOAL
Nome pessoal Viana, J.A.
100 1# - ENTRADA PRINCIPAL--NOME PESSOAL
Nome pessoal Donzele, J.L.
100 1# - ENTRADA PRINCIPAL--NOME PESSOAL
Nome pessoal Vital, C.C.
100 1# - ENTRADA PRINCIPAL--NOME PESSOAL
Nome pessoal Fontes, E.B.
100 1# - ENTRADA PRINCIPAL--NOME PESSOAL
Nome pessoal Carvalho, T.B.
100 1# - ENTRADA PRINCIPAL--NOME PESSOAL
Nome pessoal Sena, M.P.T. de
245 1# - TÍTULO
Título Técnica cirúrgica para implantação de cânula em forma de T, de diferentes materiais, no íleo terminal do cão
650 ## - ASSUNTO--TERMO TÓPICO
Cabeçalho tópico ou nome geográfico CÃO
650 ## - ASSUNTO--TERMO TÓPICO
Cabeçalho tópico ou nome geográfico CIRURGIA
650 ## - ASSUNTO--TERMO TÓPICO
Cabeçalho tópico ou nome geográfico ÍLEO
773 0# - ENTRADA ANALÍTICA
Título Revista Ceres (Brazil)
ISSN - International Standard Serial Number ISSN 0034-737X
Partes relacionadas (May-Jun 2006), v. 53(307) p. 328-334
Número de controle do registro BR0707920
909 ## -
-- 202311
-- Lúcia
-- 55
-- Lúcia Elande
942 ## - ELEMENTOS DE ENTRADA ADICIONADOS (KOHA)
Fonte da classificação ou esquema de arquivamento na estante Classificação AGRIS
Ocultar no OPAC Não
Tipo de material Koha Analítica
Exemplares
Situação do descarte Fonte da classificação ou esquema de arquivamento na estante Situação física Não pode ser emprestado Biblioteca de origem Biblioteca atual Localização na estante Enumeração do periódico / cronologia Total de empréstimos Data de último acesso Número do exemplar Tipo de material Koha Fonte de aquisição
  Classificação AGRIS   Consulta local Biblioteca Nacional de Agricultura - Binagri Biblioteca Nacional de Agricultura - Binagri   (May-Jun 2006), v. 53(307) p. 328-334   29/11/2023 01 Periódicos Portaria Interministerial nº 164/94

BINAGRI

Telefone: (61)3218-2567/2388/3357/2097 - binagri@agro.gov.br

Ministério da Agricultura e Pecuária , Esplanada dos Ministérios, Bloco D, Anexo B, Brasília/DF, CEP: 70.043-900